| 000 | 00510nam a2200181Ia 4500 | ||
|---|---|---|---|
| 008 | 240925s9999 xx 000 0 und d | ||
| 020 | _aNA | ||
| 082 | _a515.723 JAE | ||
| 100 | _aJaeger ,J.C. | ||
| 245 | 3 | _aAn Introduction to The Laplace Transformation With Engineering Applications | |
| 250 | _a3rd | ||
| 260 |
_aNew Delhi: _bKhanna Publishers _c,1969. |
||
| 300 |
_avi,554p. _bNA _fOriginal |
||
| 500 | _aIncludes Index | ||
| 600 | _aHumanities & Natural Science | ||
| 650 | _aMathematics | ||
| 942 | _cBK | ||
| 999 |
_c4440 _d4440 |
||